[Event "Mauricie op"]
[Site "Trois-Rivieres CAN"]
[Date "2008.03.28"]
[Round "1"]
[White "Libersan, Thierry"]
[Black "Kovalyov, Anton"]
[Result "0-1"]
[WhiteElo "2118"]
[BlackElo "2493"]
[PlyCount "66"]
[GameId "2160767910351321"]
[EventDate "2008.03.28"]
[EventType "swiss"]
[EventRounds "5"]
[EventCountry "CAN"]
[SourceTitle "EXT 2011"]
[Source "ChessBase"]
[SourceDate "2011.11.26"]
[SourceVersion "1"]
[SourceVersionDate "2011.11.26"]
[SourceQuality "1"]

1. e4 c5 2. Nf3 d6 3. d4 cxd4 4. Nxd4 Nf6 5. Nc3 a6 6. g3 e5 7. Nb3 Nbd7 8. Bg2 b5 9. O-O Bb7 10. a3 Rc8 11. Qe2 Qc7 12. Be3 Be7 13. Rad1 O-O 14. h3 Nb6 15. Rd3 Nc4 16. Bc1 Bc6 17. f4 Rfe8 18. f5 a5 19. g4 b4 20. axb4 axb4 21. g5 bxc3 22. Rxc3 Qb6+ 23. Kh1 Bb5 24. gxf6 Bxf6 25. Qg4 Nxb2 26. Rxc8 Rxc8 27. Rg1 Rxc2 28. Bh6 Qf2 29. Ra1 Rc8 30. Bxg7 Be2 31. Bxf6+ Bxg4 32. hxg4 Nd3 33. Rf1 Qe3 0-1

[Event "Mauricie op"]
[Site "Trois-Rivieres CAN"]
[Date "2008.03.28"]
[Round "1"]
[White "Panayotov, Ivo"]
[Black "Drolet, Stephane"]
[Result "0-1"]
[WhiteElo "1939"]
[BlackElo "2141"]
[PlyCount "64"]
[GameId "2160767910351322"]
[EventDate "2008.03.28"]
[EventType "swiss"]
[EventRounds "5"]
[EventCountry "CAN"]
[SourceTitle "FQE 04"]

1. e4 e6 2. d4 d5 3. exd5 exd5 4. Nf3 Nc6 5. c3 Bd6 6. Bg5 Nge7 7. Bd3 Bg4 8. Nbd2 Qd7 9. O-O f6 10. Bh4 h5 11. Qc2 O-O-O 12. Bg3 g5 13. Bxd6 Qxd6 14. b4 Rdg8 15. a4 h4 16. a5 Bxf3 17. Nxf3 g4 18. Nd2 Nd8 19. Nb3 Ne6 20. Nc5 Nf4 21. Rae1 g3 22. fxg3 hxg3 23. h3 Rh4 24. Bf5+ Kb8 25. Ne6 Nh5 26. Rf3 Ng7 27. Nxg7 Rxg7 28. Re6 Qd8 29. Qe2 Rh8 30. Bg4 Rxg4 31. hxg4 Rh1+ 32. Kxh1 Qh8+ 0-1

[Event "Mauricie op"]
[Site "Trois-Rivieres CAN"]
[Date "2008.03.28"]
[Round "1"]
[White "Robichaud, Louis"]
[Black "Voloaca, Mihnea"]
[Result "0-1"]
[WhiteElo "2090"]
[BlackElo "2317"]
[PlyCount "73"]
[GameId "2160767910351323"]
[EventDate "2008.03.28"]
[EventType "swiss"]
[EventRounds "5"]
[EventCountry "CAN"]
[SourceTitle "FQE 04"]

1. e4 e5 2. Nf3 Nc6 3. Bb5 a6 4. Ba4 Nf6 5. O-O d6 6. Bxc6+ bxc6 7. d4 exd4 8. Qxd4 c5 9. Qd3 Be7 10. Re1 O-O 11. Nc3 Nd7 12. Bf4 Nb6 13. Rad1 Be6 14. b3 Re8 15. Ne2 c4 16. Qc3 Qc8 17. Qa5 h6 18. Nfd4 Bd7 19. Ng3 Qb7 20. Qh5 Bf8 21. f3 g6 22. Qh4 Kh7 23. Qf6 Bg7 24. Qh4 Nd5 25. Bxh6 Bxh6 26. exd5 Rxe1+ 27. Rxe1 Qxd5 28. Re7 Be8 29. c3 Kg7 30. bxc4 Qg5 31. Qe4 Kf8 32. Nge2 Rb8 33. h4 Qa5 34. Kh2 c5 35. Ra7 cxd4 36. Qxd4 Kg8 37. Qxd6 0-1

[Event "Mauricie op"]
[Site "Trois-Rivieres CAN"]
[Date "2008.03.29"]
[Round "2"]
[White "Arsenault, Nicolas"]
[Black "Chartrand, Jean Bruno"]
[Result "1-0"]
[WhiteElo "2208"]
[BlackElo "1964"]
[PlyCount "101"]
[GameId "2160767910351324"]
[EventDate "2008.03.28"]
[EventType "swiss"]
[EventRounds "5"]
[EventCountry "CAN"]
[SourceTitle "FQE 04"]

1. e4 Nf6 2. Nc3 d5 3. e5 d4 4. Nce2 Ne4 5. c3 dxc3 6. bxc3 Nc5 7. d4 Nca6 8. Ng3 e6 9. Nf3 c5 10. Bd3 cxd4 11. cxd4 Be7 12. O-O Nc7 13. Nh5 Kf8 14. Ng3 b6 15. Be4 Nd5 16. Qb3 Bb7 17. Bd2 Na6 18. Rfc1 Rc8 19. Rxc8 Qxc8 20. Rc1 Qd7 21. a3 h6 22. Bd3 Nac7 23. Ne4 g6 24. h4 Kg7 25. h5 g5 26. Bb1 Qb5 27. Qa2 Qa4 28. Nd6 Bxd6 29. exd6 Nb5 30. d7 Qxa3 31. Qc4 Ba6 32. Qc2 Qd6 33. Qa4 Nbc7 34. Ne5 Bb5 35. Qxa7 Ra8 36. Qb7 Bxd7 37. Be4 Bc8 38. Qc6 Qxc6 39. Rxc6 Bb7 40. Rd6 Ra1+ 41. Kh2 Bc8 42. Rd8 Ra8 43. Bb4 Bb7 44. Rd7 Ra4 45. Rxf7+ Kh8 46. Bh7 Nf4 47. Bd2 Ncd5 48. Rxb7 Ra2 49. Bxf4 Nxf4 50. Ng6+ Nxg6 51. Bxg6 1-0

[Event "Mauricie op"]
[Site "Trois-Rivieres CAN"]
[Date "2008.03.29"]
[Round "2"]
[White "Chabot, Roland"]
[Black "Sauve, Richard"]
[Result "1-0"]
[WhiteElo "2285"]
[BlackElo "2013"]
[PlyCount "85"]
[GameId "2160767910351325"]
[EventDate "2008.03.28"]
[EventType "swiss"]
[EventRounds "5"]
[EventCountry "CAN"]
[SourceTitle "FQE 04"]

1. d4 d5 2. c4 e6 3. Nc3 c6 4. e3 Bd6 5. Bd2 f5 6. f4 Nf6 7. Nf3 O-O 8. Qc2 Ne4 9. Nxe4 fxe4 10. Ne5 Nd7 11. Be2 Qe7 12. O-O c5 13. Rad1 cxd4 14. exd4 b6 15. cxd5 Bb7 16. dxe6 Bxe5 17. dxe5 Rac8 18. Qb3 Nc5 19. Bb4 a5 20. Rd7 Qxd7 21. exd7+ Nxb3 22. Bxf8 Rxf8 23. axb3 Kf7 24. Rd1 Ke7 25. Bb5 e3 26. g3 Bf3 27. Rd3 Bg4 28. Rxe3 Bxd7 29. Bxd7 Kxd7 30. Kf2 g5 31. Kf3 gxf4 32. gxf4 Rf5 33. Ke4 Rh5 34. h3 Ke6 35. Rf3 Rh4 36. Rd3 b5 37. Rf3 b4 38. Rd3 Rh5 39. f5+ Ke7 40. Rf3 Rg5 41. Kd5 Rg8 42. f6+ Kf8 43. Ke6 1-0

[Event "Mauricie op"]
[Site "Trois-Rivieres CAN"]
[Date "2008.03.29"]
[Round "2"]
[White "Kovalyov, Anton"]
[Black "Larochelle, Martial"]
[Result "1-0"]
[WhiteElo "2493"]
[BlackElo "2195"]
[PlyCount "63"]
[GameId "2160767910351328"]
[EventDate "2008.03.28"]
[EventType "swiss"]
[EventRounds "5"]
[EventCountry "CAN"]
[SourceTitle "EXT 2011"]
[Source "ChessBase"]
[SourceDate "2011.11.26"]
[SourceVersion "1"]
[SourceVersionDate "2011.11.26"]
[SourceQuality "1"]

1. c4 c5 2. Nf3 Nc6 3. d4 cxd4 4. Nxd4 Qb6 5. Nb3 e6 6. Nc3 Nf6 7. Be3 Qc7 8. Rc1 a6 9. g3 Be7 10. Bg2 d6 11. O-O O-O 12. Nd5 exd5 13. cxd5 Bd7 14. dxc6 bxc6 15. Bxc6 Bxc6 16. Nd4 Rfe8 17. Nxc6 Bd8 18. Bg5 Be7 19. Qd4 Qd7 20. Nxe7+ Rxe7 21. Bxf6 gxf6 22. e3 Re5 23. Qh4 Qe6 24. Rc4 f5 25. Rfc1 Re8 26. b3 Rd5 27. Rd4 Ra5 28. Rcd1 Rxa2 29. Rxd6 Qxb3 30. Rd8 Rxd8 31. Rxd8+ Kg7 32. Qg5# 1-0

[Event "Mauricie op"]
[Site "Trois-Rivieres CAN"]
[Date "2008.03.29"]
[Round "2"]
[White "Luksza, Arkadiusz"]
[Black "Gauthier, Denis"]
[Result "1-0"]
[WhiteElo "2150"]
[BlackElo "1982"]
[PlyCount "43"]
[GameId "2160767910351329"]
[EventDate "2008.03.28"]
[EventType "swiss"]
[EventRounds "5"]
[EventCountry "CAN"]
[SourceTitle "FQE 04"]

1. Nf3 Nf6 2. c4 e6 3. g3 d5 4. Bg2 Nbd7 5. Qc2 Bd6 6. O-O O-O 7. d4 c6 8. Nbd2 Qe7 9. Rd1 b6 10. e4 dxe4 11. Nxe4 Bc7 12. Nxf6+ Qxf6 13. Ng5 g6 14. Bxc6 Rb8 15. Qa4 b5 16. cxb5 Nb6 17. Qxa7 Qe7 18. Ne4 Nd5 19. Bh6 Rd8 20. Bg5 f6 21. Nxf6+ Nxf6 22. Bxf6 1-0

[Event "Mauricie op"]
[Site "Trois-Rivieres CAN"]
[Date "2008.03.29"]
[Round "2"]
[White "Masse, Hugues"]
[Black "Trottier, Yves"]
[Result "1-0"]
[WhiteElo "2246"]
[BlackElo "1952"]
[PlyCount "78"]
[GameId "2160767910351331"]
[EventDate "2008.03.28"]
[EventType "swiss"]
[EventRounds "5"]
[EventCountry "CAN"]
[SourceTitle "FQE 04"]

1. d4 d5 2. c4 e6 3. Nc3 Be7 4. Nf3 Nf6 5. Bf4 O-O 6. e3 c6 7. Qc2 Nbd7 8. h3 Re8 9. a3 Nf8 10. Rd1 Ng6 11. Bh2 Bd6 12. Ne5 Qc7 13. f4 b6 14. Be2 Bb7 15. O-O Rad8 16. b4 dxc4 17. Nxc4 Nf8 18. e4 Be7 19. f5 Qc8 20. Qb3 c5 21. e5 Nd5 22. dxc5 bxc5 23. Ne4 cxb4 24. axb4 Bxb4 25. Ncd6 Bxd6 26. Nxd6 Qc5+ 27. Kh1 Ba8 28. Bg1 Qc6 29. Nxe8 Qxe8 30. Bf3 Rb8 31. Qa3 Nd7 32. Bxa7 Rb5 33. fxe6 fxe6 34. Bd4 Qb8 35. Rfe1 Rb3 36. Qd6 Qb7 37. Qxe6+ Kf8 38. Rf1 Rxf3 39. Rxf3+ N5f6 1-0

[Event "Mauricie op"]
[Site "Trois-Rivieres CAN"]
[Date "2008.03.29"]
[Round "2"]
[White "Picard, Jean"]
[Black "Panayotov, Ivo"]
[Result "1-0"]
[WhiteElo "2085"]
[BlackElo "1939"]
[PlyCount "41"]
[GameId "2160767910351332"]
[EventDate "2008.03.28"]
[EventType "swiss"]
[EventRounds "5"]
[EventCountry "CAN"]
[SourceTitle "EXT 2011"]
[Source "ChessBase"]
[SourceDate "2011.11.26"]
[SourceVersion "1"]
[SourceVersionDate "2011.11.26"]
[SourceQuality "1"]

1. e4 c5 2. d4 cxd4 3. c3 dxc3 4. Nxc3 e6 5. Nf3 Nc6 6. Bc4 Be7 7. O-O d6 8. Qe2 Nf6 9. Rd1 Qc7 10. Bf4 Qb8 11. e5 Nh5 12. Bg5 dxe5 13. Bxe7 Kxe7 14. Nb5 Nf6 15. Qe3 b6 16. Qa3+ Ke8 17. Nd6+ Kf8 18. Nxc8+ Kg8 19. Rd8+ Nxd8 20. Ne7+ Kf8 21. Ng6+ 1-0

[Event "Mauricie op"]
[Site "Trois-Rivieres CAN"]
[Date "2008.03.29"]
[Round "2"]
[White "Poitras, Luc"]
[Black "Djerkovic, Miladin"]
[Result "1-0"]
[WhiteElo "2120"]
[BlackElo "2306"]
[PlyCount "103"]
[GameId "2160767910351333"]
[EventDate "2008.03.28"]
[EventType "swiss"]
[EventRounds "5"]
[EventCountry "CAN"]
[SourceTitle "EXT 2011"]
[Source "ChessBase"]
[SourceDate "2011.11.26"]
[SourceVersion "1"]
[SourceVersionDate "2011.11.26"]
[SourceQuality "1"]

1. c4 e6 2. Nf3 d5 3. e3 Nf6 4. b3 c5 5. Bb2 Be7 6. Be2 O-O 7. O-O b6 8. d4 Bb7 9. cxd5 Nxd5 10. Nbd2 Nd7 11. Nc4 Bf6 12. Qd2 Qb8 13. Nfe5 Nxe5 14. dxe5 Be7 15. Rad1 Rd8 16. Qc1 Qc7 17. a3 b5 18. Nd6 a6 19. e4 Nb6 20. Qf4 Bf8 21. Rd2 Rd7 22. Rfd1 Rad8 23. h4 Nc8 24. Qg4 Qc6 25. Nxb7 Qxb7 26. Rxd7 Rxd7 27. Rxd7 Qxd7 28. Qf4 Nb6 29. Qc1 Qc6 30. f3 Be7 31. h5 h6 32. Qd2 c4 33. bxc4 bxc4 34. Bd4 Bxa3 35. Qe3 c3 36. Qxc3 Qxc3 37. Bxc3 Na4 38. Ba5 Nc5 39. Bc7 Bb4 40. Bd6 a5 41. Bb5 Nb3 42. Kf2 Nd4 43. Ba4 Bxd6 44. exd6 e5 45. Ke3 Kf8 46. f4 f6 47. f5 Kf7 48. Kd3 Kf8 49. Kc4 Ne2 50. Kc5 Nc3 51. Kc6 Nxa4 52. d7 1-0

[Event "Mauricie op"]
[Site "Trois-Rivieres CAN"]
[Date "2008.03.29"]
[Round "2"]
[White "Voloaca, Mihnea"]
[Black "Prahov, Valentin"]
[Result "1-0"]
[WhiteElo "2317"]
[BlackElo "2120"]
[PlyCount "105"]
[GameId "2160767910351334"]
[EventDate "2008.03.28"]
[EventType "swiss"]
[EventRounds "5"]
[EventCountry "CAN"]
[SourceTitle "EXT 2011"]
[Source "ChessBase"]
[SourceDate "2011.11.26"]
[SourceVersion "1"]
[SourceVersionDate "2011.11.26"]
[SourceQuality "1"]

1. c4 Nf6 2. Nc3 d5 3. d4 g6 4. Bg5 Ne4 5. Bf4 Nxc3 6. bxc3 Bg7 7. cxd5 Qxd5 8. Qb3 Qxb3 9. axb3 c5 10. e3 Be6 11. Bb5+ Nc6 12. Ra3 O-O 13. Ne2 cxd4 14. exd4 a6 15. Bxc6 bxc6 16. f3 f6 17. Kf2 Bc8 18. Ra5 Ra7 19. Rc5 Bb7 20. Re1 e6 21. Ra5 Re8 22. Nc1 Bf8 23. Nd3 Raa8 24. Bc7 Rac8 25. Bb6 Bd6 26. f4 Kf7 27. Ra2 h6 28. h4 Rg8 29. Ra5 Rce8 30. g4 g5 31. hxg5 hxg5 32. fxg5 Rxg5 33. Rxg5 fxg5 34. Bc5 Bc7 35. Kg2 Kg7 36. Ne5 Bxe5 37. Rxe5 Kf6 38. Kg3 Rg8 39. Ba3 Kf7 40. Bc1 Kf6 41. Be3 Rg6 42. Kf2 Rg7 43. Rc5 Rg8 44. Ke2 Rg7 45. Kd3 e5 46. Rxe5 Bc8 47. Rc5 Bxg4 48. Rxc6+ Ke7 49. Rxa6 Bf5+ 50. Kc4 g4 51. d5 g3 52. Ra7+ Kf8 53. Bh6 1-0

[Event "Mauricie op"]
[Site "Trois-Rivieres CAN"]
[Date "2008.03.29"]
[Round "2"]
[White "Wilkin, Alain"]
[Black "Bolduc, Steve"]
[Result "0-1"]
[WhiteElo "1951"]
[BlackElo "2278"]
[PlyCount "65"]
[GameId "2160767910351335"]
[EventDate "2008.03.28"]
[EventType "swiss"]
[EventRounds "5"]
[EventCountry "CAN"]
[SourceTitle "EXT 2011"]
[Source "ChessBase"]
[SourceDate "2011.11.26"]
[SourceVersion "1"]
[SourceVersionDate "2011.11.26"]
[SourceQuality "1"]

1. e4 c6 2. d4 d5 3. Nc3 dxe4 4. Nxe4 Bf5 5. Ng3 Bg6 6. Nf3 Nd7 7. h4 h6 8. h5 Bh7 9. Bd3 Bxd3 10. Qxd3 Ngf6 11. Bd2 e6 12. O-O-O Be7 13. Rhe1 O-O 14. Qe2 b5 15. Ne5 Rc8 16. f4 Nd5 17. Nxd7 Qxd7 18. Ne4 Qc7 19. Qf3 c5 20. dxc5 Bxc5 21. Nxc5 Qxc5 22. Qb3 a5 23. Be3 Nxe3 24. Rxe3 a4 25. Qd3 Qxh5 26. Re5 Qg4 27. g3 b4 28. Rde1 Rfd8 29. Qb5 a3 30. Qxb4 axb2+ 31. Qxb2 Qxg3 32. R5e4 Rb8 33. R4e3 0-1

[Event "Mauricie op"]
[Site "Trois-Rivieres CAN"]
[Date "2008.03.29"]
[Round "3"]
[White "Bolduc, Steve"]
[Black "Kovalyov, Anton"]
[Result "1-0"]
[WhiteElo "2278"]
[BlackElo "2493"]
[PlyCount "45"]
[GameId "2160767910351336"]
[EventDate "2008.03.28"]
[EventType "swiss"]
[EventRounds "5"]
[EventCountry "CAN"]
[SourceTitle "EXT 2011"]
[Source "ChessBase"]
[SourceDate "2011.11.26"]
[SourceVersion "1"]
[SourceVersionDate "2011.11.26"]
[SourceQuality "1"]

1. d4 Nf6 2. c4 e6 3. Nc3 Bb4 4. g3 c5 5. Nf3 Nc6 6. d5 exd5 7. cxd5 Ne7 8. d6 Ng6 9. h4 h6 10. Bg2 O-O 11. h5 Nh8 12. Kf1 Bxc3 13. bxc3 Re8 14. Nh4 Qa5 15. Qc2 Rb8 16. Nf5 b6 17. Ne7+ Kf8 18. Bf4 c4 19. Qd2 Ng8 20. Qc2 Nf6 21. e4 Nxh5 22. e5 g6 23. Rxh5 1-0

[Event "Mauricie op"]
[Site "Trois-Rivieres CAN"]
[Date "2008.03.29"]
[Round "3"]
[White "Chabot, Roland"]
[Black "Luksza, Arkadiusz"]
[Result "0-1"]
[WhiteElo "2285"]
[BlackElo "2150"]
[PlyCount "30"]
[GameId "2160767910351337"]
[EventDate "2008.03.28"]
[EventType "swiss"]
[EventRounds "5"]
[EventCountry "CAN"]
[SourceTitle "EXT 2011"]
[Source "ChessBase"]
[SourceDate "2011.11.26"]
[SourceVersion "1"]
[SourceVersionDate "2011.11.26"]
[SourceQuality "1"]

1. d4 e6 2. c4 f5 3. g3 Nf6 4. Bg2 c6 5. Nh3 d5 6. b3 Bb4+ 7. Bd2 Bd6 8. Bf4 O-O 9. Nd2 Bb4 10. Rc1 Ne4 11. Bxe4 fxe4 12. Bxb8 Rxb8 13. Nf4 e5 14. dxe5 Rxf4 15. gxf4 e3 0-1

[Event "Mauricie op"]
[Site "Trois-Rivieres CAN"]
[Date "2008.03.29"]
[Round "3"]
[White "Djerkovic, Miladin"]
[Black "Szalay, Karoly"]
[Result "0-1"]
[WhiteElo "2306"]
[BlackElo "2095"]
[PlyCount "72"]
[GameId "2160767910351338"]
[EventDate "2008.03.28"]
[EventType "swiss"]
[EventRounds "5"]
[EventCountry "CAN"]
[SourceTitle "EXT 2011"]
[Source "ChessBase"]
[SourceDate "2011.11.26"]
[SourceVersion "1"]
[SourceVersionDate "2011.11.26"]
[SourceQuality "1"]

1. e4 e5 2. Nf3 Nc6 3. Bb5 a6 4. Ba4 Nf6 5. O-O b5 6. Bb3 Bc5 7. a4 Bb7 8. d3 d6 9. Nc3 b4 10. Ne2 d5 11. exd5 Nxd5 12. Bg5 Qd7 13. Ng3 h6 14. d4 Bxd4 15. Nxd4 Nxd4 16. Qh5 Nxb3 17. cxb3 Qe6 18. Rfe1 O-O 19. Bd2 Rfe8 20. Ne4 Nf4 21. Bxf4 exf4 22. f3 Qxb3 23. Nc5 Rxe1+ 24. Rxe1 Qd5 25. Qxd5 Bxd5 26. Re7 c6 27. a5 Rb8 28. Nd7 Rd8 29. Nb6 Be6 30. Ra7 Rd1+ 31. Kf2 Rd2+ 32. Ke1 Rxb2 33. Rxa6 Ra2 34. Ra8+ Kh7 35. Kd1 b3 36. Kc1 b2+ 0-1

[Event "Mauricie op"]
[Site "Trois-Rivieres CAN"]
[Date "2008.03.29"]
[Round "3"]
[White "Larochelle, Martial"]
[Black "Picard, Jean"]
[Result "1-0"]
[WhiteElo "2195"]
[BlackElo "2085"]
[PlyCount "75"]
[GameId "2160767910351341"]
[EventDate "2008.03.28"]
[EventType "swiss"]
[EventRounds "5"]
[EventCountry "CAN"]
[SourceTitle "FQE 04"]

1. Nf3 Nf6 2. c4 g6 3. Nc3 Bg7 4. e4 d6 5. d4 O-O 6. Be2 e5 7. d5 Nbd7 8. Be3 b6 9. Nd2 Ne8 10. g4 f5 11. gxf5 gxf5 12. exf5 Nc5 13. Bxc5 bxc5 14. Nde4 Bxf5 15. Bg4 Qh4 16. Bxf5 Rxf5 17. Qd3 Nf6 18. O-O-O Nxe4 19. Nxe4 Raf8 20. Rde1 Rf3 21. Qc2 Rh3 22. Kb1 Rxh2 23. Rhg1 Rf4 24. Qa4 Qd8 25. Qxa7 h6 26. Qa4 Rhh4 27. Qc2 Qf8 28. a4 Qf5 29. f3 Rxf3 30. Qg2 Qf8 31. a5 Rhf4 32. a6 Rf7 33. Qg6 R3f4 34. Qxh6 Rxe4 35. Rxe4 Qc8 36. Qe6 Qa8 37. Reg4 Kf8 38. Rxg7 1-0

[Event "Mauricie op"]
[Site "Trois-Rivieres CAN"]
[Date "2008.03.29"]
[Round "3"]
[White "Morissette, Jean-Sebastien"]
[Black "Le Duin, Thierry"]
[Result "0-1"]
[WhiteElo "2000"]
[BlackElo "1966"]
[PlyCount "80"]
[GameId "2160767910351342"]
[EventDate "2008.03.28"]
[EventType "swiss"]
[EventRounds "5"]
[EventCountry "CAN"]
[SourceTitle "EXT 2011"]
[Source "ChessBase"]
[SourceDate "2011.11.26"]
[SourceVersion "1"]
[SourceVersionDate "2011.11.26"]
[SourceQuality "1"]

1. d4 Nf6 2. Bg5 h6 3. Bxf6 gxf6 4. e3 e5 5. c3 d5 6. Nd2 c6 7. Ne2 Be6 8. Ng3 Nd7 9. Be2 Rg8 10. Qc2 e4 11. O-O-O Qa5 12. Kb1 O-O-O 13. f3 f5 14. c4 Kb8 15. Rc1 Bd6 16. Nb3 Qa4 17. f4 Nf6 18. c5 Bc7 19. Rhg1 Ng4 20. Nf1 Rg7 21. Na1 Qxc2+ 22. Nxc2 Rdg8 23. b4 Nxh2 24. Nxh2 Rxg2 25. Nf3 exf3 26. Rxg2 fxg2 27. Rg1 Rg3 28. Kc1 h5 29. Ne1 Rxe3 30. Rxg2 Bxf4 31. Kd1 h4 32. Rg8+ Kc7 33. Rh8 Rc3 34. Nc2 h3 35. Bf1 h2 36. a4 Bg3 37. Kd2 Rf3 38. Be2 Rf2 39. Ne1 f4 40. Rh7 Bg4 0-1

[Event "Mauricie op"]
[Site "Trois-Rivieres CAN"]
[Date "2008.03.29"]
[Round "3"]
[White "Poitras, Luc"]
[Black "Mai, Lloyd"]
[Result "0-1"]
[WhiteElo "2120"]
[BlackElo "2293"]
[PlyCount "118"]
[GameId "2160767910351343"]
[EventDate "2008.03.28"]
[EventType "swiss"]
[EventRounds "5"]
[EventCountry "CAN"]
[SourceTitle "EXT 2011"]
[Source "ChessBase"]
[SourceDate "2011.11.26"]
[SourceVersion "1"]
[SourceVersionDate "2011.11.26"]
[SourceQuality "1"]

1. c4 g6 2. Nc3 Bg7 3. g3 d6 4. Bg2 e5 5. d3 f5 6. e3 c6 7. Nge2 Nf6 8. Rb1 a5 9. a3 O-O 10. b4 axb4 11. axb4 Be6 12. b5 d5 13. bxc6 bxc6 14. cxd5 cxd5 15. O-O Nc6 16. d4 e4 17. Nb5 Rf7 18. Nf4 Bc8 19. Bd2 g5 20. Ne2 Ba6 21. Qc2 Na7 22. Nxa7 Rfxa7 23. Nc1 Bxf1 24. Bxf1 Bf8 25. Qc6 Qd6 26. Qb5 Ra1 27. Rb2 Qc7 28. Nb3 R1a2 29. Nc5 Rxb2 30. Qxb2 Rb8 31. Qa1 Qb6 32. Kg2 Bd6 33. Be2 g4 34. Bc3 Kf7 35. Qa4 Bxc5 36. dxc5 Qxc5 37. Bd4 Qd6 38. Qa7+ Nd7 39. Bd1 Rc8 40. Bb3 Ke7 41. Bb2 Ke6 42. Qd4 Rb8 43. Ba4 Ne5 44. Bc3 Rb1 45. Bd1 Qc7 46. Be2 Rc1 47. Bb2 Rc2 48. Bf1 Rxf2+ 49. Kxf2 Qc2+ 50. Be2 Nd3+ 51. Kf1 Qxb2 52. Qa7 Qb1+ 53. Kg2 Ne1+ 54. Kf2 Nf3 55. Bd1 Qb4 56. Qa6+ Ke5 57. Bxf3 gxf3 58. Qa2 Qc4 59. g4 Qe2+ 0-1

[Event "Mauricie op"]
[Site "Trois-Rivieres CAN"]
[Date "2008.03.29"]
[Round "3"]
[White "Prahov, Valentin"]
[Black "Wilkin, Alain"]
[Result "1-0"]
[WhiteElo "2120"]
[BlackElo "1951"]
[PlyCount "133"]
[GameId "2160767910351344"]
[EventDate "2008.03.28"]
[EventType "swiss"]
[EventRounds "5"]
[EventCountry "CAN"]
[SourceTitle "EXT 2011"]
[Source "ChessBase"]
[SourceDate "2011.11.26"]
[SourceVersion "1"]
[SourceVersionDate "2011.11.26"]
[SourceQuality "1"]

1. e4 c5 2. d4 e6 3. Nf3 cxd4 4. Nxd4 a6 5. Bd3 Nc6 6. Nxc6 dxc6 7. O-O e5 8. Be3 Nf6 9. h3 Bd6 10. a4 Be6 11. a5 O-O 12. Qe2 Nd7 13. Bc4 Qe7 14. Rd1 Rfd8 15. Na3 Bc7 16. Bxe6 Qxe6 17. Nc4 Nf8 18. Bb6 Bxb6 19. Nxb6 Rab8 20. Rd2 Qe7 21. Rad1 Rxd2 22. Qxd2 Re8 23. c3 Ne6 24. Qd7 f6 25. b4 Kf8 26. f3 Rd8 27. Qxe7+ Kxe7 28. Rxd8 Kxd8 29. Kf2 Nf4 30. h4 g6 31. g3 Ne6 32. Ke3 Kc7 33. f4 exf4+ 34. gxf4 Kd6 35. Nc4+ Kc7 36. f5 Nf8 37. Kf4 Kd7 38. e5 gxf5 39. Kxf5 fxe5 40. Nxe5+ Ke7 41. Nd3 Ne6 42. Ke5 Nd8 43. Nc5 Nf7+ 44. Kf5 Nd6+ 45. Kg5 Kf7 46. Kf4 Ke7 47. Ne4 Ne8 48. Ke5 h6 49. Ng3 Kf7 50. Nf5 Kg6 51. Nd6 Nc7 52. Nxb7 Kh5 53. Kd6 Nb5+ 54. Kxc6 Nxc3 55. Nd6 Kxh4 56. b5 Nxb5 57. Nxb5 Kg4 58. Nc3 h5 59. Ne4 h4 60. Kb6 Kf3 61. Kxa6 Kxe4 62. Kb6 Kf4 63. a6 h3 64. a7 Kg3 65. a8=Q Kh2 66. Qf3 Kg1 67. Qxh3 1-0

[Event "Mauricie op"]
[Site "Trois-Rivieres CAN"]
[Date "2008.03.29"]
[Round "3"]
[White "Robichaud, Louis"]
[Black "Laptos, Krzysztof"]
[Result "0-1"]
[WhiteElo "2090"]
[BlackElo "2187"]
[PlyCount "64"]
[GameId "2160767910351345"]
[EventDate "2008.03.28"]
[EventType "swiss"]
[EventRounds "5"]
[EventCountry "CAN"]
[SourceTitle "EXT 2011"]
[Source "ChessBase"]
[SourceDate "2011.11.26"]
[SourceVersion "1"]
[SourceVersionDate "2011.11.26"]
[SourceQuality "1"]

1. e4 b6 2. d4 Bb7 3. Nd2 e6 4. Ngf3 c5 5. c3 cxd4 6. cxd4 Nf6 7. Bd3 Nc6 8. O-O Nb4 9. Bb1 Ba6 10. Re1 Qc7 11. Re3 Rc8 12. Nb3 d5 13. Rc3 Qb7 14. Rxc8+ Qxc8 15. e5 Ne4 16. Be3 Be7 17. a3 Nc6 18. Bd3 Bxd3 19. Qxd3 O-O 20. Rc1 Qb7 21. Nbd2 Nxd2 22. Bxd2 Rc8 23. g3 h6 24. b4 b5 25. Be3 a5 26. bxa5 Ra8 27. Qc3 Nxa5 28. Nd2 Nc4 29. Nxc4 dxc4 30. Rb1 Qd5 31. Qb2 Ra5 32. Ra1 Qd8 0-1

[Event "Mauricie op"]
[Site "Trois-Rivieres CAN"]
[Date "2008.03.29"]
[Round "3"]
[White "Trottier, Yves"]
[Black "Drolet, Stephane"]
[Result "0-1"]
[WhiteElo "1952"]
[BlackElo "2141"]
[PlyCount "82"]
[GameId "2160767910351346"]
[EventDate "2008.03.28"]
[EventType "swiss"]
[EventRounds "5"]
[EventCountry "CAN"]
[SourceTitle "FQE 04"]

1. e4 e6 2. d4 d5 3. exd5 exd5 4. c4 Nf6 5. Nc3 Be7 6. Nf3 O-O 7. Bd3 Nc6 8. O-O Bg4 9. Be3 Nb4 10. Be2 dxc4 11. Bxc4 c6 12. h3 Bh5 13. g4 Bg6 14. Ne5 Nfd5 15. Qf3 Nb6 16. Bb3 Bc2 17. Bxf7+ Kh8 18. Qe2 Bd6 19. Bb3 Bxb3 20. axb3 N6d5 21. f4 Nxe3 22. Qxe3 Nc2 23. Qf2 Nxa1 24. Rxa1 c5 25. Ne4 cxd4 26. Nxd6 Qxd6 27. Ra4 Rad8 28. Nd3 Qd5 29. f5 b5 30. Rxa7 Qxb3 31. Ra3 Qd1+ 32. Qf1 Qxf1+ 33. Kxf1 Rfe8 34. Nf4 Re3 35. Rxe3 dxe3 36. Ne6 Rd2 37. b3 b4 38. Ke1 Rd3 39. g5 Rxb3 40. f6 gxf6 41. gxf6 Kg8 0-1

[Event "Mauricie op"]
[Site "Trois-Rivieres CAN"]
[Date "2008.03.30"]
[Round "4"]
[White "Arsenault, Nicolas"]
[Black "Prahov, Valentin"]
[Result "1-0"]
[WhiteElo "2208"]
[BlackElo "2120"]
[PlyCount "93"]
[GameId "2160767910351347"]
[EventDate "2008.03.28"]
[EventType "swiss"]
[EventRounds "5"]
[EventCountry "CAN"]

1. e4 c5 2. Nf3 e6 3. d4 cxd4 4. Nxd4 Nf6 5. Nc3 Nc6 6. Ndb5 Bb4 7. a3 Bxc3+ 8. Nxc3 d5 9. exd5 exd5 10. Bd3 O-O 11. O-O d4 12. Ne2 Bg4 13. f3 Bh5 14. Bg5 Qd6 15. b4 a6 16. c4 Rad8 17. Nf4 Bg6 18. Bxg6 hxg6 19. Nd3 Ne5 20. Bf4 Nfd7 21. Re1 Rfe8 22. c5 Qd5 23. Bxe5 Nxe5 24. Nxe5 Rxe5 25. Qd3 g5 26. Rad1 g6 27. h3 Rd7 28. Rxe5 Qxe5 29. Qe4 Qxe4 30. fxe4 Kf8 31. Kf2 Ke7 32. Ke2 Ke6 33. Kd3 Ke5 34. Rc1 Kf4 35. a4 f5 36. exf5 gxf5 37. b5 axb5 38. axb5 g4 39. c6 bxc6 40. bxc6 Rd8 41. c7 Rc8 42. hxg4 fxg4 43. Kxd4 Kg3 44. Rc2 Kh2 45. Ke5 Rxc7 46. Rxc7 Kxg2 47. Kf4 1-0